000 00302nam a22001217a 4500
008 230703b xxu||||| |||| 00| 0 eng d
082 _a350
_bSAC
100 _cD.R. Sachdeva
245 _aPublic Administration: Concepts and Application
260 _aNew Delhi
_c1980
300 _a548p
942 _2ddc
_cBK
999 _c3188
_d3188